Statistics for NBA 2018-19 February Players 30 Points Games

Click here to take the quiz!

General Stats

  • This quiz has been taken 23 times
  • The average score is 39 of 54

Answer Stats

PlayerTeam#% Correct
James HardenRockets10
100%
Kevin DurantWarriors3
100%
Russell WestbrookThunder3
100%
Anthony DavisPelicans1
96%
Bradley BealWizards6
96%
Giannis AntetokounmpoBucks6
96%
Kemba WalkerHornets7
96%
Stephen CurryWarriors3
96%
C.J. McCollumTrail Blazers3
91%
Damian LillardTrail Blazers3
91%
Karl-Anthony TownsTimberwolves5
91%
Kyrie IrvingCeltics3
91%
Paul GeorgeThunder6
91%
Trae YoungHawks3
91%
Zach LaVineBulls2
91%
Blake GriffinPistons2
83%
Kawhi LeonardRaptors1
83%
LeBron JamesLakers1
83%
Lou WilliamsClippers4
83%
Nikola JokicNuggets2
83%
Buddy HieldKings3
78%
DeMar DeRozanSpurs2
78%
Donovan MitchellJazz2
78%
Joel Embiid76ers2
78%
Jrue HolidayPelicans1
78%
Klay ThompsonWarriors1
78%
Lauri MarkkanenBulls4
78%
Luka DoncicMavericks1
78%
Tobias HarrisClippers2
78%
Andre DrummondPistons1
74%
Devin BookerSuns2
74%
Mike ConleyGrizzlies1
70%
Pascal SiakamRaptors2
70%
Bojan BogdanovicPacers2
65%
D'Angelo RussellNets2
65%
Julius RandlePelicans3
65%
Kevin LoveCavaliers1
65%
Kyle KuzmaLakers2
65%
Reggie JacksonPistons1
65%
Brandon IngramLakers1
61%
Jayson TatumCeltics1
57%
J.J. Redick76ers1
57%
John CollinsHawks2
57%
Josh RichardsonHeat1
57%
Otto PorterBulls1
57%
Dennis Smith Jr.Knicks1
43%
Marvin BagleyKings1
43%
Bobby PortisBulls / Wizards2
39%
Jordan ClarksonCavaliers1
39%
Montrezl HarrellClippers2
39%
Terrence RossMagic1
39%
Fred VanVleetRaptors1
26%
Avery BradleyGrizzlies1
22%
Malik BeasleyNuggets1
13%

Score Distribution

Percentile by Number Answered

Percent of People with Each Score

Your Score History

You have not taken this quiz